[Event "EU-chT Seniors 07th"]
[Site "Dresden"]
[Date "2005.02.21"]
[Round "4"]
[White "Weise, Wolfgang"]
[Black "Dorsch, Baptist"]
[Result "1-0"]
[WhiteElo "2141"]
[BlackElo "1691"]
[PlyCount "33"]
[EventDate "2005.02.18"]
[EventType "team-swiss"]
[EventRounds "8"]
[EventCountry "GER"]
[SourceTitle "EXT 2006"]
[Source "ChessBase"]
[SourceDate "2005.11.24"]
[SourceVersion "1"]
[SourceVersionDate "2005.11.24"]
[SourceQuality "1"]

1. d4 d5 2. Nf3 Nf6 3. e3 Nbd7 4. Bd3 e6 5. 0-0 c5 6. b3 cxd4 7. exd4 Be7 8. Nbd2 0-0 9. Bb2 b6 10. Ne5 Bb7 11. Qf3 Qc8 12. Rac1 Ba6 13. c4 dxc4 14. Qh3 Bb4 15. Ndxc4 Qb7 16. d5 Nc5 17. Ng4 1-0

[Event "Bayern-ch Seniors 16th"]
[Site "Schloss Schney"]
[Date "2004.06.12"]
[Round "7"]
[White "Weise, Wolfgang"]
[Black "Kunte, Herbert"]
[Result "1-0"]
[WhiteElo "2052"]
[BlackElo "1811"]
[PlyCount "75"]
[EventDate "2004.06.06"]
[EventType "swiss"]
[EventRounds "9"]
[EventCountry "GER"]
[SourceTitle "EXT 2006"]
[Source "ChessBase"]
[SourceDate "2005.11.24"]
[SourceVersion "1"]
[SourceVersionDate "2005.11.24"]
[SourceQuality "1"]

1. d4 d5 2. Nf3 Nf6 3. e3 e6 4. Bd3 Be7 5. Nbd2 Nbd7 6. 0-0 0-0 7. b3 b6 8. Bb2 Bb7 9. Rc1 c5 10. c4 Rc8 11. Qe2 Ne4 12. Rfd1 f5 13. Ne5 Nxd2 14. Rxd2 Nf6 15. f3 g6 16. a3 Qd6 17. Rcd1 Rcd8 18. Rc2 Rc8 19. Rdc1 Rfd8 20. Qf2 Rf8 21. Qe2 Rfd8 22. Qe1 a5 23. dxc5 Rxc5 24. b4 axb4 25. axb4 Rcc8 26. c5 bxc5 27. bxc5 Qc7 28. c6 Ba8 29. Qc3 d4 30. exd4 Nd5 31. Qd2 Bd6 32. Qf2 Bxe5 33. dxe5 Nb4 34. Bc4 Re8 35. Rc3 Qxc6 36. Bb5 Qb7 37. Bxe8 Rxc3 38. Rxc3 1-0

[Event "GER-chT Seniors 12th"]
[Site "Finsterbergen"]
[Date "2003.08.13"]
[Round "4.1"]
[White "Weise, Wolfgang"]
[Black "Wiemer, Juergen"]
[Result "1/2-1/2"]
[WhiteElo "2191"]
[BlackElo "2162"]
[PlyCount "37"]
[EventDate "2003.08.10"]
[EventType "team"]
[EventRounds "7"]
[EventCountry "GER"]
[SourceTitle "EXT 2012"]
[Source "ChessBase"]
[SourceDate "2011.11.24"]
[SourceVersion "1"]
[SourceVersionDate "2011.11.24"]
[SourceQuality "1"]
[WhiteTeam "Bayern II"]
[BlackTeam "Mecklenburg Vorpommern"]
[WhiteTeamCountry "GER"]
[BlackTeamCountry "GER"]

1. d4 Nf6 2. Nf3 e6 3. e3 d5 4. Bd3 Nbd7 5. 0-0 Bd6 6. Nbd2 0-0 7. e4 dxe4 8. Nxe4 Nxe4 9. Bxe4 Nf6 10. Bd3 h6 11. Qe2 b6 12. Rd1 Bb7 13. Ne5 Qe7 14. Bf4 Nd5 15. Bg3 Nb4 16. Be4 Bxe4 17. Qxe4 Nd5 18. a3 f5 19. Qd3 1/2-1/2

[Event "GER-ch Seniors 15th"]
[Site "Bad Wiessee"]
[Date "2003.05.16"]
[Round "7"]
[White "Brauner, Rudolf"]
[Black "Weise, Wolfgang"]
[Result "0-1"]
[WhiteElo "2060"]
[BlackElo "2187"]
[PlyCount "84"]
[EventDate "2003.05.??"]
[EventType "swiss"]
[EventRounds "9"]
[EventCountry "GER"]
[SourceTitle "EXT 2006"]
[Source "ChessBase"]
[SourceDate "2005.11.24"]
[SourceVersion "1"]
[SourceVersionDate "2005.11.24"]
[SourceQuality "1"]

1. d4 d5 2. c4 e6 3. Nf3 Nf6 4. Bg5 Be7 5. e3 h6 6. Bh4 0-0 7. Nc3 b6 8. Bxf6 Bxf6 9. cxd5 exd5 10. Bd3 Be6 11. Rc1 Nd7 12. Ne2 c5 13. b3 Qe7 14. 0-0 Bg4 15. Nf4 Qd6 16. dxc5 Nxc5 17. Be2 Rad8 18. h3 Bxf3 19. Bxf3 d4 20. Nd5 dxe3 21. Nxe3 Nd3 22. Rc6 Qd4 23. Rc4 Qd6 24. Nd5 Nb2 25. Qc2 Nxc4 26. Qxc4 Rc8 27. Qa6 Rc5 28. Qd3 Qe5 29. Rd1 Bg5 30. g3 Rc1 31. h4 Rxd1+ 32. Qxd1 Bd8 33. Kg2 Re8 34. Ne3 Be7 35. Qc2 h5 36. Nc4 Qc5 37. Qd1 b5 38. Ne3 g6 39. Qd3 Bf6 40. a4 Bd4 41. Nd1 bxa4 42. bxa4 a5 0-1

[Event "GER-ch Seniors 15th"]
[Site "Bad Wiessee"]
[Date "2003.05.15"]
[Round "6"]
[White "Weise, Wolfgang"]
[Black "Hoehne, Peter"]
[Result "1-0"]
[WhiteElo "2187"]
[BlackElo "2028"]
[PlyCount "69"]
[EventDate "2003.05.??"]
[EventType "swiss"]
[EventRounds "9"]
[EventCountry "GER"]
[SourceTitle "EXT 2006"]
[Source "ChessBase"]
[SourceDate "2005.11.24"]
[SourceVersion "1"]
[SourceVersionDate "2005.11.24"]
[SourceQuality "1"]

1. d4 d5 2. Nf3 Bf5 3. e3 e6 4. Bd3 Bxd3 5. Qxd3 Nf6 6. Nbd2 c6 7. 0-0 Be7 8. e4 dxe4 9. Nxe4 0-0 10. Nxf6+ Bxf6 11. Bf4 Nd7 12. Rad1 Re8 13. c4 Qa5 14. a3 Nf8 15. b4 Qh5 16. Be5 Rad8 17. Qe4 Qg6 18. Qe2 Qg4 19. h3 Qh5 20. Qe4 Qg6 21. Qe2 Qh5 22. a4 Rd7 23. b5 cxb5 24. axb5 Red8 25. Ra1 b6 26. c5 bxc5 27. dxc5 Bxe5 28. Qxe5 Qxe5 29. Nxe5 Rb7 30. Nc6 Rdd7 31. Ra5 Rd5 32. Rc1 Rdd7 33. Nxa7 Rxa7 34. Rxa7 Rxa7 35. b6 1-0

[Event "GER-ch Seniors 15th"]
[Site "Bad Wiessee"]
[Date "2003.05.12"]
[Round "3"]
[White "Selg, Rudolf"]
[Black "Weise, Wolfgang"]
[Result "1/2-1/2"]
[WhiteElo "1993"]
[BlackElo "2187"]
[PlyCount "75"]
[EventDate "2003.05.??"]
[EventType "swiss"]
[EventRounds "9"]
[EventCountry "GER"]
[SourceTitle "EXT 2006"]
[Source "ChessBase"]
[SourceDate "2005.11.24"]
[SourceVersion "1"]
[SourceVersionDate "2005.11.24"]
[SourceQuality "1"]

1. e4 e5 2. Nf3 Nc6 3. d4 exd4 4. Bc4 Nf6 5. 0-0 Nxe4 6. Re1 d5 7. Bxd5 Qxd5 8. Nc3 Qa5 9. Rxe4+ Be6 10. Ne2 0-0-0 11. Nexd4 Nxd4 12. Rxd4 Bc5 13. Rxd8+ Rxd8 14. Qe2 Bc4 15. Bd2 Bxe2 16. Bxa5 Bxf3 17. gxf3 Bd4 18. Rb1 Rd5 19. Be1 Be5 20. b3 Bf4 21. h3 g6 22. c4 Rd3 23. Kg2 Kd7 24. Rb2 b6 25. Re2 f5 26. Rc2 Bd6 27. Bd2 a5 28. f4 Kc6 29. Be3 Bc5 30. Kf3 Bxe3 31. fxe3 Kc5 32. Ke2 Rd7 33. a3 c6 34. Rd2 Rxd2+ 35. Kxd2 b5 36. Kd3 b4 37. a4 Kd6 38. Ke2 1/2-1/2

[Event "GER-ch Seniors 15th"]
[Site "Bad Wiessee"]
[Date "2003.05.10"]
[Round "1"]
[White "Krieger, Hermann"]
[Black "Weise, Wolfgang"]
[Result "1/2-1/2"]
[WhiteElo "2261"]
[BlackElo "2187"]
[PlyCount "88"]
[EventDate "2003.05.??"]
[EventType "swiss"]
[EventRounds "9"]
[EventCountry "GER"]
[SourceTitle "EXT 2006"]
[Source "ChessBase"]
[SourceDate "2005.11.24"]
[SourceVersion "1"]
[SourceVersionDate "2005.11.24"]
[SourceQuality "1"]

1. d4 d5 2. e3 Nf6 3. Bd3 g6 4. Nd2 Bg7 5. f4 Nbd7 6. Ngf3 c5 7. c3 0-0 8. h3 Qb6 9. g4 cxd4 10. exd4 Qd6 11. Ne5 Ne8 12. Nxd7 Bxd7 13. Nb3 b6 14. Qf3 f6 15. f5 e5 16. fxe6 Qxe6+ 17. Qe2 Qd6 18. Be3 f5 19. gxf5 Bxf5 20. 0-0-0 Bxd3 21. Rxd3 Nf6 22. Qh2 Qxh2 23. Rxh2 Ne4 24. Rd1 Rae8 25. Bd2 Rf2 26. Rdh1 Ref8 27. h4 Nxd2 28. Nxd2 Bh6 29. Rxf2 Rxf2 30. Rd1 Rh2 31. Kc2 Kf8 32. a4 Ke7 33. b3 Kd7 34. c4 Bxd2 35. Rxd2 Rxh4 36. Rd3 a5 37. Kc3 Kd6 38. b4 g5 39. bxa5 dxc4 40. Kxc4 bxa5 41. Rb3 Rh1 42. Rb5 g4 43. Rxa5 Rc1+ 44. Kd3 g3 1/2-1/2

[Event "EU-chT Seniors 04th"]
[Site "Dresden"]
[Date "2002.02.28"]
[Round "5.3"]
[White "Krueger, Erich"]
[Black "Weise, Wolfgang"]
[Result "1-0"]
[WhiteElo "2215"]
[BlackElo "2198"]
[PlyCount "55"]
[EventDate "2002.02.25"]
[EventType "team-swiss"]
[EventRounds "7"]
[EventCountry "GER"]
[SourceTitle "EXT 2005"]
[Source "ChessBase"]
[SourceDate "2004.11.15"]
[SourceVersion "1"]
[SourceVersionDate "2004.11.15"]
[SourceQuality "1"]

1. d4 d5 2. c4 e6 3. Nc3 c5 4. cxd5 cxd4 5. Qa4+ Bd7 6. Qxd4 exd5 7. Qxd5 Nc6 8. Nf3 Nf6 9. Qd1 Bc5 10. e3 Qe7 11. Be2 0-0-0 12. Bd2 g5 13. h3 g4 14. hxg4 Nxg4 15. Nd5 Qe4 16. b4 Bf5 17. Nc3 Qxb4 18. Qc1 Rxd2 19. Qxd2 Rd8 20. Qc1 Bb6 21. a3 Qe7 22. Nd4 Bxd4 23. exd4 Rxd4 24. Nb5 Ra4 25. Qd1 Qc5 26. 0-0 Rf4 27. Qd6 Qxf2+ 28. Rxf2 1-0

[Event "GER-ch Seniors 13th"]
[Site "Dresden"]
[Date "2001.??.??"]
[Round "2"]
[White "Weise, Wolfgang"]
[Black "Jahr, Dieter"]
[Result "1-0"]
[WhiteElo "2200"]
[BlackElo "2113"]
[PlyCount "157"]
[EventDate "2001.07.??"]
[EventType "swiss"]
[EventRounds "9"]
[EventCountry "GER"]
[SourceTitle "CBM 084 Extra"]
[Source "ChessBase"]
[SourceDate "2001.10.26"]
[SourceVersion "1"]
[SourceVersionDate "2001.10.26"]
[SourceQuality "1"]

1. d4 d5 2. c4 e6 3. Nf3 Nf6 4. g3 c6 5. Bg2 Be7 6. 0-0 0-0 7. Nbd2 Nbd7 8. Qc2 b6 9. e4 dxe4 10. Nxe4 Bb7 11. Ne5 Rc8 12. Rd1 Ba8 13. Ng5 h6 14. Nxe6 fxe6 15. Bh3 Nxe5 16. dxe5 Qc7 17. exf6 Rxf6 18. Qe4 Rd8 19. Bxe6+ Kh8 20. Bf4 Bd6 21. Rxd6 Rxd6 22. Bxd6 Qxd6 23. Re1 Rf8 24. Qe5 Qd8 25. Bh3 c5 26. Bg2 Bxg2 27. Kxg2 Qd3 28. Qe2 Qd7 29. f3 Rd8 30. Qe4 Qd2+ 31. Re2 Qd1 32. h4 Rd2 33. Qe8+ Kh7 34. Qe4+ Kh8 35. Kf2 Rxe2+ 36. Qxe2 Qd4+ 37. Kg2 Qd6 38. b3 a6 39. a4 Qd7 40. g4 Qd8 41. h5 Qd6 42. Qe3 Qd1 43. Kg3 Qd6+ 44. f4 Kg8 45. Qe8+ Kh7 46. Qe4+ Kg8 47. Qe3 Kf8 48. Kh3 Qd1 49. Kg3 Qd6 50. Kh4 Qd1 51. g5 Qh1+ 52. Kg4 Qd1+ 53. Qf3 Qd7+ 54. Kh4 Qd8 55. Qe4 Qd7 56. Qg6 hxg5+ 57. Qxg5 Qd2 58. Qf5+ Ke7 59. Qe4+ Kf8 60. Kg4 Qd1+ 61. Qf3 Qg1+ 62. Kf5 Qb1+ 63. Ke6 Qe1+ 64. Kd7 Qe8+ 65. Kc7 b5 66. axb5 axb5 67. Kb6 bxc4 68. bxc4 Qc8 69. Qe4 Qd8+ 70. Kxc5 Qc7+ 71. Kd4 Qd6+ 72. Kc3 Qa3+ 73. Kc2 Qa2+ 74. Kd3 Qa3+ 75. Ke2 Qg3 76. Qf5+ Kg8 77. Qe6+ Kf8 78. Qf5+ Ke7 79. Qg5+ 1-0

[Event "GER-chT Seniors 09th"]
[Site "Halle"]
[Date "2000.08.25"]
[Round "6.2"]
[White "Fronczek, Heinrich"]
[Black "Weise, Wolfgang"]
[Result "1-0"]
[WhiteElo "2305"]
[BlackElo "2158"]
[PlyCount "79"]
[EventDate "2000.08.20"]
[EventType "team"]
[EventRounds "7"]
[EventCountry "GER"]
[SourceTitle "EXT 2002"]
[Source "ChessBase"]
[SourceDate "2001.11.25"]
[SourceVersion "1"]
[SourceVersionDate "2001.11.25"]
[SourceQuality "1"]

1. d4 d5 2. Nf3 e6 3. c4 c5 4. cxd5 exd5 5. dxc5 Bxc5 6. e3 Nc6 7. Bb5 Nf6 8. 0-0 0-0 9. Qc2 Qe7 10. Bxc6 bxc6 11. Nd4 Bd7 12. Nc3 g6 13. a3 a5 14. Bd2 Bd6 15. f4 Rab8 16. Rae1 c5 17. Nde2 Bf5 18. Qc1 Qa7 19. Ng3 Bd3 20. Rf3 Qb7 21. Nd1 Ne4 22. Nxe4 Bxe4 23. Rf2 Qa7 24. Qc3 a4 25. Qf6 Be7 26. Qe5 Rb6 27. Qc3 Rb3 28. Qc1 Bh4 29. g3 Bf6 30. Bc3 d4 31. exd4 Ba8 32. d5 Qb7 33. Qd2 Bd4 34. Ne3 Qa7 35. f5 f6 36. fxg6 hxg6 37. Bxd4 cxd4 38. Ng4 d3 39. Qh6 Qg7 40. Nxf6+ 1-0

[Event "GER-chT Seniors 08th"]
[Site "Verden"]
[Date "1999.08.02"]
[Round "?"]
[White "Uhlmann, Wolfgang"]
[Black "Weise, Wolfgang"]
[Result "1-0"]
[WhiteElo "2475"]
[BlackElo "2107"]
[PlyCount "119"]
[EventDate "1999.08.01"]
[EventType "team-swiss"]
[EventRounds "7"]
[EventCountry "GER"]
[SourceTitle "EXT 2022"]
[Source "ChessBase"]
[SourceDate "2021.10.06"]
[SourceVersion "1"]
[SourceVersionDate "2021.10.06"]
[SourceQuality "1"]

1. c4 Nf6 2. Nc3 e6 3. Nf3 d5 4. d4 c5 5. cxd5 exd5 6. g3 Be6 7. Bg2 Be7 8. 0-0 0-0 9. b3 Nbd7 10. Bb2 b6 11. Rc1 Rc8 12. e3 Re8 13. Qe2 Qc7 14. Rfd1 Qb7 15. h3 Red8 16. Ng5 Nf8 17. dxc5 bxc5 18. e4 d4 19. e5 Nd5 20. Nxe6 fxe6 21. Nxd5 exd5 22. f4 Qb6 23. Kh2 Rc6 24. b4 Qxb4 25. Bxd4 Rg6 26. Bc3 Qa3 27. Be1 Ra6 28. Rc2 d4 29. Qc4+ Kh8 30. Qf7 Ng6 31. Be4 Rf8 32. Qb3 Rd8 33. Bd3 Qxb3 34. axb3 Ra3 35. Bc4 Bf8 36. Rdd2 Ne7 37. Ra2 Rxa2 38. Rxa2 Rd7 39. Ra6 Rb7 40. g4 Rc7 41. Ba5 Rb7 42. f5 Nc8 43. Rc6 Rb8 44. Bc7 Rb7 45. Ba6 Rxb3 46. Bxc8 d3 47. Ba5 Rb2+ 48. Kg3 d2 49. Bxd2 Rxd2 50. Ba6 Rd8 51. g5 Rb8 52. Rc7 Rb3+ 53. Kf4 Rb4+ 54. Kf3 Rb3+ 55. Ke4 Rb4+ 56. Kd3 Rf4 57. Rc8 Rxf5 58. e6 g6 59. e7 Kg7 60. exf8Q+ 1-0

[Event "GER-ch Seniors 11th"]
[Site "Bad Wiessee"]
[Date "1999.04.27"]
[Round "7"]
[White "Weise, Wolfgang"]
[Black "Lieb, Harald"]
[Result "1/2-1/2"]
[WhiteElo "2107"]
[BlackElo "2276"]
[PlyCount "81"]
[EventDate "1999.04.21"]
[EventType "swiss"]
[EventRounds "9"]
[EventCountry "GER"]
[SourceTitle "EXT 2002"]
[Source "ChessBase"]
[SourceDate "2001.11.25"]
[SourceVersion "1"]
[SourceVersionDate "2001.11.25"]
[SourceQuality "1"]

1. c4 Nf6 2. Nc3 e5 3. Nf3 Nc6 4. g3 Bb4 5. Bg2 0-0 6. 0-0 Re8 7. a3 Bxc3 8. bxc3 d6 9. d3 e4 10. Nd4 Bg4 11. h3 exd3 12. hxg4 Nxd4 13. exd3 Ne2+ 14. Kh1 Nxc1 15. Rxc1 c6 16. Bf3 Qa5 17. Qb3 Re7 18. Rce1 Rae8 19. Rxe7 Rxe7 20. Kg2 h6 21. Qb4 Qc7 22. c5 d5 23. a4 Nd7 24. Rb1 Ne5 25. Qd4 Nd7 26. Kf1 Nf8 27. Re1 Rxe1+ 28. Kxe1 Ne6 29. Qb4 Qe7 30. Kf1 Qxc5 31. Qxb7 Qxc3 32. Kg2 a5 33. Qc8+ Kh7 34. Bxd5 Qxd3 35. Qxc6 Ng5 36. Qc4 Qxc4 37. Bxc4 Kg8 38. Bd5 Kf8 39. f4 Nh7 40. Kf3 Nf6 41. Bc6 1/2-1/2

[Event "Bad Griesbach Seniors op 1st"]
[Site "Bad Griesbach"]
[Date "1998.11.13"]
[Round "6"]
[White "Siegmund, Rainer"]
[Black "Weise, Wolfgang"]
[Result "0-1"]
[WhiteElo "2125"]
[BlackElo "2112"]
[PlyCount "70"]
[EventDate "1998.11.08"]
[EventType "swiss"]
[EventRounds "7"]
[EventCountry "GER"]
[SourceTitle "EXT 2007"]
[Source "ChessBase"]
[SourceDate "2006.11.23"]
[SourceVersion "1"]
[SourceVersionDate "2006.11.23"]
[SourceQuality "1"]

1. d4 d5 2. c4 e6 3. Nc3 c5 4. cxd5 cxd4 5. Qxd4 Nc6 6. Qd1 exd5 7. Qxd5 Bd7 8. a3 Nf6 9. Qd1 Bc5 10. e3 Qe7 11. Nf3 0-0-0 12. Be2 Bh3 13. Qa4 Bxg2 14. Rg1 Bxf3 15. Bxf3 Nd4 16. Be2 Nxe2 17. Kxe2 g6 18. b4 Bb6 19. Qc2 Kb8 20. Na4 Rc8 21. Qb3 Rhe8 22. Nxb6 axb6 23. Bb2 Ne4 24. Rac1 Rxc1 25. Rxc1 Qd7 26. Qc2 Qg4+ 27. Kd3 Qf5 28. f4 Nc5+ 29. Kd2 Rd8+ 30. Bd4 Rxd4+ 31. exd4 Qxf4+ 32. Kc3 Qe3+ 33. Kc4 Na4 34. Rd1 Qxa3 35. Qb3 Nb2+ 0-1